| Tag |
First Indicator |
Second Indicator |
Subfields |
| LEADER |
00000cam a2200000Ia 4500 |
| 001 |
in00002390413 |
| 005 |
20151109062335.0 |
| 008 |
080521s1790 sz 000 p fre d |
| 035 |
|
|
|a (OCoLC)ocn228437191
|
| 040 |
|
|
|a TXA
|c TXA
|d UtOrBLW
|
| 043 |
|
|
|a e-fr---
|
| 049 |
|
|
|a TXAM
|
| 050 |
|
0 |
|a PQ2080
|b .H4 1790
|
| 100 |
1 |
|
|a Voltaire,
|d 1694-1778.
|
| 245 |
1 |
3 |
|a La Henriade :
|b en dix chants : précédée, accompagnée & ssivie de toutes les piéces relatives à ce poëme.
|
| 250 |
|
|
|a Nouv. éd. /
|b faite sur l'edition in-4⁰, revue par l'auteur.
|
| 264 |
|
1 |
|a Genève :
|b [publisher not identified],
|c 1790.
|
| 300 |
|
|
|a xxxii, 291 pages ;
|c 13 cm.
|
| 336 |
|
|
|a text
|b txt
|2 rdacontent
|
| 337 |
|
|
|a unmediated
|b n
|2 rdamedia
|
| 338 |
|
|
|a volume
|b nc
|2 rdacarrier
|
| 600 |
0 |
0 |
|a Henry
|b IV,
|c King of France,
|d 1553-1610
|v Poetry.
|
| 651 |
|
0 |
|a France
|x History
|y Wars of the Huguenots, 1562-1598
|v Poetry.
|
| 650 |
|
0 |
|a Epic poetry, French.
|
| 910 |
|
|
|a tp3107
|
| 994 |
|
|
|a 02
|b TXA
|
| 999 |
|
|
|a MARS
|
| 999 |
f |
f |
|s 88314650-8b8a-3d20-8b03-ac81c8414737
|i 5d012ce5-e8bb-394e-b196-828e4c1f0d08
|t 0
|
| 952 |
f |
f |
|p noncirc
|a Texas A&M University
|b College Station
|c Cushing Memorial Library & Archives
|d Cushing: Dawson French (Does not check out)
|t 0
|e PQ2080 .H4 1790
|h Library of Congress classification
|i unmediated -- volume
|
| 998 |
f |
f |
|a PQ2080 .H4 1790
|t 0
|l Cushing: Dawson French (Does not check out)
|